000 00419nam a2200157Ia 4500
008 151213s9999 xx 000 0 und d
100 _aP.T. Alreek & R. B. Settle
245 _aThe Survey Resource Hand Book
_cP.T. Alreek & R. B. Settle
250 _a2nd
260 _aLondon
_bIrwin
_c1995
300 _a2640 p.
650 _aMarketing
650 _aMarketing
700 _aP.T. Alreek & R. B. Settle
999 _c1752
_d1752